000 00336nam a2200133Ia 4500
005 20260328104317.0
008 260328s9999||||xx |||||||||||||| ||und||
100 _aPrieto, Daniel
245 0 _aDiseño y Comunicación /
_cDaniel Prieto
260 _bColección ensayos
300 _a149 p.
650 _aDISEÑO GRÁFICO
942 _cBK
999 _c11204
_d11204